South American Geography By Letter - E - Statistics

General Stats
  • This quiz has been taken 83 times
    55 since last reset
  • The average score is 7 of 18
Answer Stats
Clue Answer % Correct
Country north of Peru Ecuador
100%
Major language spoken in Guyana English
88%
This imaginary line on latitude 0° cuts directly through three South American countries Equator
82%
Islands of the coast of Chile also known as Rapa Nui Easter Island
78%
Spanish is widely spoken across South America, this is how to say "Spanish" in Spanish Español
73%
This famous Colombian was a drug lord and narcoterrorist who was the founder and sole leader of the Medellín Cartel Pablo Escobar
59%
The Río de la Plata is formed by the confluence of the Uruguay River and the Paraná River. This is an example of this physical landform Estuary
51%
The "Harpy" species of this bird is found throughout the Amazon and South America Eagle
41%
Argentina is most associated with this baked or fried turnover consisting of pastry and filling Empanada
41%
Island off the coast of Argentina a part of the Falkland Islands East Falkland
14%
A Brazilian State, in which the capital is Vitória Espírito Santo
12%
Second busiest airport in South America, located in Bogotá, Colombia El Dorado International Airport
10%
One of the most important cities in Venezuela, aslo known as El Tigrito El Tigre
10%
Guyana's longest river Essequibo River
6%
Second main export of Paraguay Electricity
2%
Iconic landmark in the city of Arica, Chile El Morro
2%
Town southeast of Medellín, Colombia which was the hometown of the Colombian writer and philosopher Fernando González Envigado
2%
Indigenous peoples of Panama and Colombia, also known as the Chocó or Katío peoples Emberá
0%
No matching quizzes found
Score Distribution
Percent of People with Each Score
Percentile by Number Answered
Your Score History
You have not taken this quiz since the last reset